000
00224nam a2200097Ia 4500
008
170620s9999 xx 000 0 und d
100
_a
GUPTA- B. N
245
0
_a
ADMINISTRATION OF PHYSICAL EDUCATION
260
_b
alpha
260
_c
2008
300
_a
252
999
_c
28307
_d
28307